000
00277nam a2200109Ia 4500
008
190216s9999||||xx |||||||||||||| ||und||
100
_a
Owler L W J&Amp;Brown J L
245
0
_a
Wheldon`S Cost Accounting And Costing Methods
260
_b
Null
_c
1970
300
_a
681p
942
_c
BK
999
_c
3931
_d
3931